00654nam a2200229 a 450000100060000000300090000600800410001502000180005604000280007408200190010210000150012124501040013625000100024026000270025030000100027765000210028765000240030865000240033265000260035665000250038265000170040723799CO-ViMGA141112s2004 ck r 000 u spa d a9786077854326 aCO-ViMGAbspacCO-ViMGA04a621.381 B657m11 aBolton, W.10aMecatronica : bSistemas de control electronico en la ingenieria mecanica y electrica / cW. Bolton a4 ed. aMéxico : bAlfaomega a608p.14aAUTOMATIZACION 14aCONTROL AUTOMATICO 14aCONTROL ELECTRONICO14aINGENIERIA ELECTRICA 14aINGENIERIA MECANICA 14aMECATRONICA